000 01287nac a22004217a 4500
001 BR2012001438
003 BR-BrBNA
005 20240105123938.0
008 230509b bl.|||m| |||| 00| 0 por d
040 _aBR-BrBNA
_bpor
_cBiblioteca Nacional de Agricultura
072 _aP32; P33
090 _aP32 BR2012001438
100 1 _aVasconcelos, V.
100 1 _aMartins, E. de S.
100 1 _aReatto, A.
100 1 _aCouto Junior, A.F.
100 1 _aCarvalho Junior, O.A.
100 1 _aSantos, W.C. dos
100 1 _aLima, L.A. de S.
100 1 _aCastro, K.B. de
100 1 _aXavier, D.
100 1 _aPasso, D.P.
100 1 _aGomes, R.A.T.
110 1 _aEMBRAPA Cerrados, Planaltina, DF (Brasil)
245 1 _aCaracterização de uma topossequência no Parque Nacional da Serra da Canastra, MG
260 3 _aPlanaltina, DF (Brasil):
_c2010.
300 _a63 p.
490 _aBoletim de Pesquisa e Desenvolvimento - EMBRAPA Cerrados (Brazil)
_vno. 277
_xISSN 1676-918X
500 _aSummaries (En, Pt); 31 illus.; 8 tables
650 _aSOLO
650 _aGENESE DO SOLO
650 _aGEOMORFOLOGIA
650 _aCERRADO
650 _aVEGETAÇÃO
650 _aCLIMA
909 _a202312
_bLúcia Elande
_c55
_dLúcia Elande
942 _2AGRIS
_n0
_cMS
999 _c297671
_d297671